00434nam a2200109Ia 4500008004100000082000800041100004000049245011500089942000600204952009900210999001500309240331s9999 xx 000 0 und d bMOV aThe Sri Lanka Women's NGO Forum. ed 0aMoving forward towards the 21st century :ba handbook on implementing the Beijing platform for action on women cL 001040708LaWERCLbWERCLcSSCd2024-03-31l0o 305.402 MOVp2394r2024-03-31w2024-03-31yL c1798d1798